Untersuchungen zur metaphysik des Aristoteles

Na minha lista:
Detalhes bibliográficos
Autor principal: Wundt, Max (Author)
Formato: Livro
Idioma:alemão
Publicado em: W. Kohlhammer 1953
Colecção:Tübinger Beiträge zur Altertumswissenschaft, 38
Assuntos:
Tags: Adicionar Tag
Sem tags, seja o primeiro a adicionar uma tag!

MARC

LEADER 00000nam a2200000 a 4500
001 UCY7012
003 CL-VaPUC
008 950602e19530000GW |||||||||||||||||ger|d
082 0 4 |a 185  |b WUN  |2 21 
100 0 |a Wundt, Max  |e author  |9 337284 
245 1 0 |a Untersuchungen zur metaphysik des Aristoteles 
300 |a 102 p 
942 |c BK 
945 |d 19950602 00:00:00  |a oaravena 
260 |b W. Kohlhammer  |c 1953 
600 0 |a Aristóteles,  |d 384 a.C.- 322 a.C.  |9 194 
650 0 |a Filosofía   |9 223554 
650 0 |a Filosofía antigua   |9 255705 
650 0 |a Metafísica  |9 265649 
650 0 |a Ontología   |9 256850 
650 7 |a SER  |2 CL-VaPUC  |9 320176 
651 0 |a Grecia  |9 265314 
583 |a last modification  |c 20120828 10:42:11  |k Rodrigo Vera 
490 0 |a Tübinger Beiträge zur Altertumswissenschaft, 38 
999 |c 234487  |d 234485 
952 |0 0  |1 0  |4 0  |6 185_000000000000000_WUN_1953  |7 0  |8 P  |9 240890  |a BIBEDU  |b BIBEDU  |c BIBEDU_PB  |d 2019-11-18  |i 1514164  |o 185 WUN 1953  |p 1514164  |r 2024-01-25  |w 2019-11-18  |y BK  |k FIL